| 000 | 00443 a2200145 4500 | ||
|---|---|---|---|
| 005 | 20250619130419.0 | ||
| 020 | _a978-9987-716-11-1 | ||
| 082 | _a174 IKM | ||
| 111 | _aIRCP/KAS/MNMA | ||
| 245 | _aEthics- The Position of Religious Leaders. | ||
| 260 |
_aDar es salaam, _bKonrad-Adenauer-Stiftung, _c2016. |
||
| 300 |
_avii,112p.: ill.; picture. _bReference. _c21cm. |
||
| 856 |
_yAccess online book _fEthics _dwww.kas.de/tanzania |
||
| 942 |
_2ddc _cBKS |
||
| 999 |
_c248 _d248 |
||